<?xml version="1.0" encoding="UTF-8"?><?xml-stylesheet type="text/xsl" href="static/style.xsl"?><OAI-PMH xmlns="http://www.openarchives.org/OAI/2.0/" xmlns:xsi="http://www.w3.org/2001/XMLSchema-instance" xsi:schemaLocation="http://www.openarchives.org/OAI/2.0/ http://www.openarchives.org/OAI/2.0/OAI-PMH.xsd"><responseDate>2026-04-17T15:00:06Z</responseDate><request verb="GetRecord" identifier="oai:www.recercat.cat:2445/200396" metadataPrefix="marc">https://recercat.cat/oai/request</request><GetRecord><record><header><identifier>oai:recercat.cat:2445/200396</identifier><datestamp>2025-11-20T14:26:34Z</datestamp><setSpec>com_2072_1057</setSpec><setSpec>col_2072_478917</setSpec><setSpec>col_2072_478935</setSpec></header><metadata><record xmlns="http://www.loc.gov/MARC21/slim" xmlns:dcterms="http://purl.org/dc/terms/" xmlns:xsi="http://www.w3.org/2001/XMLSchema-instance" xmlns:doc="http://www.lyncode.com/xoai" xsi:schemaLocation="http://www.loc.gov/MARC21/slim http://www.loc.gov/standards/marcxml/schema/MARC21slim.xsd">
   <leader>00925njm 22002777a 4500</leader>
   <datafield ind2=" " ind1=" " tag="042">
      <subfield code="a">dc</subfield>
   </datafield>
   <datafield ind2=" " ind1=" " tag="720">
      <subfield code="a">Puigvert, Lídia</subfield>
      <subfield code="e">author</subfield>
   </datafield>
   <datafield ind2=" " ind1=" " tag="720">
      <subfield code="a">Soler Gallart, Marta</subfield>
      <subfield code="e">author</subfield>
   </datafield>
   <datafield ind2=" " ind1=" " tag="720">
      <subfield code="a">Vidu Afloarei, Ana</subfield>
      <subfield code="e">author</subfield>
   </datafield>
   <datafield ind2=" " ind1=" " tag="260">
      <subfield code="c">2023-07-07T10:53:57Z</subfield>
   </datafield>
   <datafield ind2=" " ind1=" " tag="260">
      <subfield code="c">2023-07-07T10:53:57Z</subfield>
   </datafield>
   <datafield ind2=" " ind1=" " tag="260">
      <subfield code="c">2022-01</subfield>
   </datafield>
   <datafield ind2=" " ind1=" " tag="260">
      <subfield code="c">2023-07-07T10:53:57Z</subfield>
   </datafield>
   <datafield ind2=" " ind1=" " tag="520">
      <subfield code="a">bstract Scientific literature has presented relevant evidence about the existence of gender violence in science and has evaluated some programs and actions against this problem. Although many researchers have identified the importance of those intervention programs to overcome this harassment, it is still a predominant reality in institutions, surrounded by the law of silence. Emerging lines of research are studying which of those programs are successful in this endeavor, and their transferability to other contexts. This research has analyzed one program: Programme of Women's Dialogic Action (ProWomenDialogue). To gather evidence for expressing whether or not ProWomenDialogue has an impact, and whether it constitutes a successful action against harassment, the SIOR (Social Impact Open Repository) criteria, emerging from the FP7 IMPACT-Project, have been used for the evaluation of this research's social impact. Drawing on SIOR, ProWomenDialogue shows unprecedented transformations in academia through six lines of action. The political impact led to legislation that made compulsory the creation of equality committees and protocols against sexual harassment. Social impact, aligned with SDG 5, inspires the reduction of GBV, while encouraging the career promotion of female researchers. ProWomenDialogue embodies a Successful Action platform against violence, presenting their features as recommendations to be implemented in other settings. Keywords: bystanders; upstanders; social impact; gender violence; isolating gender violence</subfield>
   </datafield>
   <datafield tag="653" ind2=" " ind1=" ">
      <subfield code="a">Violència contra les dones</subfield>
   </datafield>
   <datafield tag="653" ind2=" " ind1=" ">
      <subfield code="a">Estudis de gènere</subfield>
   </datafield>
   <datafield tag="653" ind2=" " ind1=" ">
      <subfield code="a">Indicadors socials</subfield>
   </datafield>
   <datafield tag="653" ind2=" " ind1=" ">
      <subfield code="a">Violence against women</subfield>
   </datafield>
   <datafield tag="653" ind2=" " ind1=" ">
      <subfield code="a">Gender studies</subfield>
   </datafield>
   <datafield tag="653" ind2=" " ind1=" ">
      <subfield code="a">Social indicators</subfield>
   </datafield>
   <datafield ind2="0" ind1="0" tag="245">
      <subfield code="a">From bystanders to upstanders: supporters and key informants for victims of gender violence</subfield>
   </datafield>
</record></metadata></record></GetRecord></OAI-PMH>